000 00630cam a2200229 a 4500
001 13480045
005 20180122041200.0
008 040204s2003 njua 001 0 eng
010 _a 2004269071
020 _a0820558095
040 _aDLC
_cDLC
_dDLC
041 _aeng
043 _an-us---
080 _a346.7303 VET
082 0 0 _a346.7303 VET
_222
100 _a14
101 _aJUR
245 0 0 _aTort law and practice /
_cby Dominick Vetri ... [et al.].
906 _a7
_bcbc
_corigcop
_d2
_encip
_f20
_gy-gencatlg
942 _2ddc
_cBK
999 _c40641
_d40641